Normal view
MARC view
Entry Personal Name
001 - CONTROL NUMBER
- control field: 261740
003 - CONTROL NUMBER IDENTIFIER
- control field: OSt
005 - DATE AND TIME OF LATEST TRANSACTION
- control field: 20260416093125.0
008 - FIXED-LENGTH DATA ELEMENTS
- fixed length control field: 260416|| aca||aabn | a|a d
040 ## - CATALOGING SOURCE
- Original cataloging agency: OSt
- Transcribing agency: OSt
100 ## - HEADING--PERSONAL NAME
- Personal name: Stephen Bernstein
670 ## - SOURCE DATA FOUND
- Source citation: Work cat.: (OSt)241239: Stephen Bernstein, Schaums outline of theory and problems of elements of statistics, 2020